000 00355nam a2200145Ia 4500
008 151213s9999 xx 000 0 und d
245 _aBritannica Ready Reference Encyclopedia
_cV-7
250 _aV-7
260 _aNew Delhi
_bBritannica
_c2005
300 _a2900 p.
650 _aEncyclopedia
650 _aReference
700 _aV-7
999 _c1987
_d1987